Salta al contenuto

Бюджетный контроль и система государственной отчетности при конституционном образе правления

Salvato in:
Dettagli Bibliografici
Autore principale: Евзлин З.
Natura: Книга
Lingua:Russian
Pubblicazione: Казань КФУ 2014
Accesso online:http://e.lanbook.com/books/element.php?pl1_id=72849
https://e.lanbook.com/img/cover/book/72849.jpg
Tags: Aggiungi Tag
Nessun Tag, puoi essere il primo ad aggiungerne! !
LEADER 00982nam0a2200241 i 4500
001 72849
003 RuSpLAN
005 20221220173946.0
008 221220s2014 ru gs 000 0 rus
040 |a RuSpLAN 
041 0 |a rus 
044 |a ru 
080 |a 351.71 
084 |a 67.402  |2 rubbk 
245 0 0 |a Бюджетный контроль и система государственной отчетности при конституционном образе правления  |c Евзлин З. 
260 |a Казань  |b КФУ  |c 2014 
300 |a 160 с. 
504 |a Библиогр.: доступна в карточке книги, на сайте ЭБС Лань 
521 8 |a Книга из коллекции КФУ - Экономика и менеджмент 
100 1 |a Евзлин З. 
856 4 |u http://e.lanbook.com/books/element.php?pl1_id=72849 
856 4 8 |u https://e.lanbook.com/img/cover/book/72849.jpg 
953 |a https://e.lanbook.com/img/cover/book/72849.jpg